00954nam a2200301 450000100040000000500170000400600040002100700040002500800040002901000170003302000150005004000190006504300120008405000240009608200170012011000390013724501050017625000120028126000630029330000210035652100190037765000370039665000200043390600450045394200120049899900150051095201270052500020260429070502.0000000000 a 74152305  a0435424505 aUOELcDLCdDLC af-ke---00aTX725.K39bS24 197000a641.5/9676/22 aSt. Andrew's Church Woman's Guild.14aThe Kenya cookery book and household guide :ccompiled by members of st. Andrews Church Womens Guide a1st ed. aNairobi,bEast Africa Educational publishers ltd /cc1970. a278 p. :c22 cm. aIncludes index 0aCooking, Kenyan.xHome economics 0aHome economics. a7bcbccorignewd4encipf19gy-gencatlg 2lcccBK c8603d8603 00102lcc4070aUOEbUOEcGENd2015-05-25l0oTX725.K39 S24 1970p20033313r2015-05-25 00:00:00t20033313w2015-05-25yLL